América Latina: varios procesos electorales en marcha
Guardado en:
| Format: | Bog |
|---|---|
| Sprog: | Spanish |
| Fag: | |
| Tags: |
Tilføj Tag
Ingen Tags, Vær først til at tagge denne postø!
|
MARC
| LEADER | 00000nam a22000007a 4500 | ||
|---|---|---|---|
| 003 | cru CIDCACS/IIS | ||
| 005 | 20191202145627.0 | ||
| 008 | 191202b ||||| |||| 00| 0 spa d | ||
| 999 | |c 42695 |d 42695 | ||
| 040 | |c cru CIDCACS/IIS | ||
| 245 | 0 | |a América Latina: |b varios procesos electorales en marcha | |
| 300 | |a página 7 | ||
| 650 | 0 | |9 306 |a ELECCIONES | |
| 650 | 0 | |9 3691 |a POLITICA | |
| 651 | 0 | |9 17 |a AMERICA LATINA | |
| 773 | 0 | |0 42391 |9 3949 |a Agencia Latinoamericana de Información, ALAI |d Quito, Ecuador: ALAI |o 03973 |t ALAI: |x 08275564 (Servicio mensual de información y documentación) | |
| 942 | |2 ddc |c PP | ||
